Guess the random Taylor Swift Song Lyrics 1 - Statistics

General Stats
  • This quiz has been taken 138 times
  • The average score is 139 of 250
Answer Stats
Answer % Correct
a
99%
I
98%
you
93%
The
89%
the
89%
we
89%
me
87%
to
84%
he
82%
He
82%
And
80%
go
79%
my
76%
My
76%
when
76%
it
75%
on
74%
so
73%
in
72%
his
67%
of
67%
for
65%
was
65%
I'm
63%
Oh
61%
not
60%
too
60%
why
60%
only
59%
here
58%
boy
57%
our
56%
that
56%
know
55%
say
55%
this
55%
again
54%
But
54%
favorite
54%
at
53%
him
53%
just
53%
Just
53%
breaks
52%
head
52%
There
52%
toys
51%
time
50%
all
49%
back
49%
I'll
49%
up
49%
out
48%
Cause
47%
saw
47%
first
46%
heart
45%
knew
45%
voices
45%
much
44%
with
44%
best
43%
off
43%
Down
42%
got
42%
night
42%
destroys
41%
forever
41%
queen
41%
I'd
40%
loves
40%
sandcastles
40%
seen
40%
Because
39%
friend
39%
play
39%
should've
38%
Should've
38%
tell
38%
Told
38%
better
37%
took
37%
touch
37%
He's
36%
mall
36%
right
36%
smile
36%
days
35%
Than
35%
army
34%
doll
33%
end
33%
played
33%
sickest
33%
these
33%
dead
32%
heat
32%
plastic
32%
broken
31%
gonna
31%
known
31%
matter
31%
more
31%
pretend
31%
smashed
31%
tortured
31%
danger
30%
felt
30%
Left
30%
miss
30%
Put
30%
box
29%
parts
29%
Purchased
29%
wild
29%
could've
28%
myself
28%
Stole
28%
fix
27%
Kens
27%
Once
27%
reasons
27%
shelf
27%
keeps
26%
pieces
26%
Called
25%
pull
25%
repeating
25%
sandlot
25%
string
25%
Puzzle
24%
runs
24%
rain
23%
litany
22%
descend
20%
fit
19%
Rivulets
16%
No matching quizzes found
Score Distribution
Percent of People with Each Score
Percentile by Number Answered
Your Score History
You have not taken this quiz